20 Questions Wrong: Literature Quiz Stats

Quiz Updated Dec 1, 2016

Challenge
Share
Tweet
Embed
Score 0/20 Timer 02:00
11 Plays Today
Question Answer Wrong Answers
'The Hunger Games' is a series of novels written by which author? J. K. Rowling
91.6%
Suzanne Collins
8.3%
In which Edgar Allan Poe poem is the word 'nevermore' repeated 11 times? Lenore
89.7%
The Raven
8.4%
Which of these novels is set in the 1920s? The Catcher in the Rye
88.1%
The Great Gatsby
6.8%
Which of these books is the first in the 'Harry Potter' series? Harry Potter and the Chamber of Secrets
83.8%
Harry Potter and the Sorcerer's Stone
12.1%
Which of these books is written by Stephenie Meyer? Fifty Shades of Grey
79.9%
Breaking Dawn
17.1%
In the novel 'Nineteen Eighty-Four,' O'Brien convinces Winston that two plus two equals what number? Four
77.6%
Five
15.1%
'The Audacity of Hope' is a book written by which US president? Bill Clinton
75.6%
Barack Obama
23.3%
By which pen name is Samuel Langhorne Clemens better known as? Dr. Seuss
74.8%
Mark Twain
15.9%
Which Stephen King novel revolves around a supernaturally-possessed automobile? Carrie
74.1%
Christine
19.7%
Which Green brother wrote young adult novels such as 'Paper Towns' and 'The Fault in Our Stars'? Hank
73.8%
John
19.1%
Which adjective originates from works such as 'The Trial' and 'The Metamorphosis'? Orwellian
71.1%
Kafkaesque
14.6%
Ernest Hemingway's 'A Farewell to Arms' deals with the Italian campaign of which war? World War II
70%
World War I
24.4%
Who is the narrator and protagonist of Vladimir Nabokov's novel 'Lolita'? Hubert Humphrey
69%
Humbert Humbert
23.1%
Which of these J.R.R. Tolkien novels was published first? The Lord of the Rings
68.5%
The Hobbit
26.7%
'Anne of Green Gables' is a children's novel by which Canadian author? Margaret Atwood
65.1%
Lucy Maud Montgomery
28.3%
Which of these dystopian novels is set in a futuristic London? Fahrenheit 451
62.6%
Brave New World
28.8%
'Wuthering Heights' is a novel by which Brontë sister? Charlotte
60.3%
Emily
33.8%
'Crime and Punishment' is a novel by which Russian author? Leo Tolstoy
59.2%
Fyodor Dostoyevsky
29%
In which country was playwright Arthur Miller born? United Kingdom
59%
United States
30.5%
Which Shakespearean tragedy features more deaths of named characters than any of his other known works? Hamlet
26%
Titus Andronicus
56%

You're not logged in!

Compare scores with friends on all Sporcle quizzes.
Sign Up with Email
OR
Log In

You Might Also Like...

Show Comments

Extras

Top Quizzes Today


Score Distribution

Your Account Isn't Verified!

In order to create a playlist on Sporcle, you need to verify the email address you used during registration. Go to your Sporcle Settings to finish the process.